000 00689nam a2200289Ia 4500
005 20260324144633.0
008 008 260324s9999 xx 000 0 eng d
020 _a9780429426674
037 _aEBOOK
040 _aCRL
040 _beng
040 _cCRL
041 _2eng
041 _aeng
084 _qCRL
100 _aRuth Roach Pierson
_91220059
245 0 _aWomen and Peace
245 0 _bTheoretical, Historical and Practical Perspectives
260 _bTaylor and Francis
260 _c1987
365 _a
365 _b180
856 _uhttp://www.taylorfrancis.com/books/9780429426674
942 _cEBOOK
999 _c1826915
_d1826915